PWHL 2024 Regular Season Top Scorers - Statistics

General Stats
  • This quiz has been taken 91 times
    89 since last reset
  • The average score is 8 of 20
Answer Stats
Rank Answer Points Team % Correct
3 Marie-Philip Poulin 23 Montreal
96%
2 Sarah Nurse 23 Toronto
84%
9 Laura Stacey 18 Montreal
69%
1 Natalie Spooner 27 Toronto
58%
8 Emma Maltais 19 Toronto
54%
6 Brianne Jenner 20 Ottawa
42%
11 Erin Ambrose 18 Montreal
42%
18 Megan Keller 15 Boston
40%
4 Alex Carpenter 23 New York
39%
17 Emily Clark 15 Ottawa
37%
12 Daryl Watts 17 Ottawa
34%
7 Grace Zumwinkle 19 Minnesota
34%
5 Ella Shelton 21 New York
31%
13 Kendall Coyne Schofield 16 Minnesota
31%
14 Alina Müller 16 Boston
30%
19 Hannah Miller 14 Toronto
24%
16 Kelly Pannek 16 Minnesota
18%
15 Maureen Murphy 16 Montreal
18%
20 Jessie Eldridge 14 New York
16%
10 Kateřina Mrázová 18 Ottawa
10%
No matching quizzes found
Score Distribution
Percent of People with Each Score
Percentile by Number Answered
Your Score History
You have not taken this quiz since the last reset